• 首页
  • 本馆介绍
  • 公告通知
  • 最新文献
  • 馆藏检索
  • 电子资源
  • 读者导购
  • 参考咨询
  • 我的图书馆
  • 登录
  • 详细信息显示
  • 放入我的书架
  • 预约/预借图书
  • 作者相关作品
  • 分类相关作品
  • 丛书相关作品
  • 出版社相关作品

书目信息

  • 表格格式
  • 工作单格式
  • 卡片格式
题名:
事业单位会计
    
 
作者: 邢俊英 编著
分册:  
出版信息: 大连   东北财经大学出版社  2019.4
页数: 383页
开本: 26cm
丛书名: 21世纪高等教育经管类经典书系
单 册:
中图分类: F812.2
科图分类:
主题词: 行政事业单位--hang zheng shi ye dan wei--单位预算会计--中国--高等学校--教材
电子资源:
ISBN: 978-7-5654-3385-6
000 01204oam2 2200277 450
001 2161463256
005 20210930094235.0
010    @a978-7-5654-3385-6@dCNY50.00
100    @a20190430d2019 ekmy0chiy0120 ea
101 0  @achi
102    @aCN@b210000
105    @ak z 000yy
106    @ar
200 1  @a事业单位会计@Ashi ye dan wei hui ji@e双系统核算模式@dPublic institution accounting@ethe dual accounting systems and models@f邢俊英编著@zeng
210    @a大连@c东北财经大学出版社@d2019.4
215    @a383页@c表格@d26cm
225 2  @a21世纪高等教育经管类经典书系@A21shi ji gao deng jiao yu jing guan lei jing dian shu xi
330    @a本书基于财政部已经发布的政府会计准则制度,在总结作者教学经验和实践调研积累的基础上,全面系统地介绍事业单位会计的基本理论和实务。
461  0 @12001 @a21世纪高等教育经管类经典书系
510 1  @aPublic institution accounting@ethe dual accounting systems and models@zeng
517 1  @a双系统核算模式@Ashuang xi tong he suan mo shi
606 0  @a行政事业单位@Ahang zheng shi ye dan wei@x单位预算会计@y中国@x高等学校@j教材
690    @aF812.2@v5
701  0 @a邢俊英@Axing juan ying@4编著
801  0 @aCN@b百万庄@c20210929
905    @b1302842-45@dF812.2@e94@f4
    
    事业单位会计:双系统核算模式=Public institution accounting:the dual accounting systems and models/邢俊英编著.-大连:东北财经大学出版社,2019.4
    383页:表格;26cm.-(21世纪高等教育经管类经典书系)
    
    
    ISBN 978-7-5654-3385-6:CNY50.00
    本书基于财政部已经发布的政府会计准则制度,在总结作者教学经验和实践调研积累的基础上,全面系统地介绍事业单位会计的基本理论和实务。
●
相关链接 在E读中查询图书 在五车中查询图书 在当当中查询图书 在豆瓣中查询图书


正题名:事业单位会计     索取号:F812.2/94         预约/预借

序号 登录号 条形码 馆藏地/架位号 状态 备注
1 1302842   213028427   第一样本阅览室/ [索取号:F812.2/94] 在馆    
2 1302843   213028436   第一借阅区/ [索取号:F812.2/94] 在馆    
3 1302844   213028445   第一借阅区/ [索取号:F812.2/94] 在馆    
4 1302845   213028454   第一借阅区/ [索取号:F812.2/94] 在馆    
唐山师范学院图书馆 欢迎您!
大连网信软件有限公司© 版权所有